| 000 | 00466nam a22001817a 4500 | ||
|---|---|---|---|
| 003 | MPLRDC | ||
| 005 | 20220104195836.0 | ||
| 008 | 210129b ||||| |||| 00| 0 eng d | ||
| 020 | _a978-986-5865-43-6 | ||
| 082 | _a435.8 ATYWZ | ||
| 100 | _a奥田 由味子 YUMIKO OKUDA | ||
| 245 |
_a手作铁丝小庭园 _c沙子芳 译 |
||
| 250 | _a初版一刷 | ||
| 260 |
_a台湾 _b积木文化 _c2014 |
||
| 300 | _b平 | ||
| 650 | _a盆栽 | ||
| 942 |
_cBK _o435.8 ATYWZ |
||
| 999 |
_c66385 _d66375 |
||